Cash- Flow (Registro nro. 4263)
[ vista simple ]
| 000 -LEADER | |
|---|---|
| fixed length control field | 00860 a2200205 4500 |
| 001 - CONTROL NUMBER | |
| control field | 46991 |
| 005 - DATE AND TIME OF LATEST TRANSACTION | |
| control field | 20260407155739.0 |
| 008 - FIXED-LENGTH DATA ELEMENTS--GENERAL INFORMATION | |
| fixed length control field | 260407a1975 arg spa d |
| 003 - CONTROL NUMBER IDENTIFIER | |
| control field | AR-UNSa-BCEJYS |
| 040 ## - CATALOGING SOURCE | |
| Original cataloging agency | AR-UNSa-BCEJYS |
| Language of cataloging | spa |
| Transcribing agency | AR-UNSa-BCEJYS |
| 080 ## - UNIVERSAL DECIMAL CLASSIFICATION NUMBER | |
| Universal Decimal Classification number | 657.31 |
| Common auxiliary subdivision | Presupuestos. Previsiones. Planes financieros. Estado de flujo de efectivo |
| 100 1# - MAIN ENTRY--PERSONAL NAME | |
| Personal name | Rivero Torre, Pedro |
| 245 10 - TITLE STATEMENT | |
| Title | Cash- Flow |
| Name of part/section of a work | estado de origen y aplicación de fondos y el control de gestión |
| 250 ## - EDITION STATEMENT | |
| Edition statement | 4a.ed. |
| 264 #1 - PRODUCTION, PUBLICATION, DISTRIBUTION, MANUFACTURE, AND COPYRIGHT NOTICE | |
| Place of production, publication, distribution, manufacture | México : |
| Name of producer, publisher, distributor, manufacturer | Limusa |
| Date of production, publication, distribution, manufacture, or copyright notice | 1975 |
| 300 ## - PHYSICAL DESCRIPTION | |
| Extent | 262 p. |
| Dimensions | 23 cm. |
| 505 ## - FORMATTED CONTENTS NOTE | |
| Formatted contents note | 1. Conceptos básicos I - 2. Conceptos básicos II - 3. Conceptos básicos III - 4. Recursos generados - 5. El estado de origen y aplicación de fondos - 6. Flujos de tesorería. Cash-flow - 7. Aplicaciones del Cash-flow. |
| 590 ## - LOCAL NOTE (RLIN) | |
| Local note | niveau_biblio:m niveau_hierar:0 |
| 942 ## - ADDED ENTRY ELEMENTS (KOHA) | |
| Koha item type | |
| Withdrawn status | Lost status | Damaged status | Not for loan | Home library | Current library | Shelving location | Date acquired | Total checkouts | Full call number | Barcode | Date last seen | Price effective from | Koha item type |
|---|---|---|---|---|---|---|---|---|---|---|---|---|---|
| Biblioteca Prof. Eusebio Cleto del Rey | Biblioteca Prof. Eusebio Cleto del Rey | 07/04/2026 | 657.31 R621 4ed. | L12378 | 07/04/2026 | 07/04/2026 | Libro | ||||||
| Biblioteca Prof. Eusebio Cleto del Rey | Biblioteca Prof. Eusebio Cleto del Rey | 07/04/2026 | 657.31 R621 4ed. | L12379 | 07/04/2026 | 07/04/2026 | Libro | ||||||
| Biblioteca Prof. Eusebio Cleto del Rey | Biblioteca Prof. Eusebio Cleto del Rey | 07/04/2026 | 657.31 R621 4ed. | L33839 | 07/04/2026 | 07/04/2026 | Libro |